Statistická ročenka Československé socialistické republiky 1984

Gespeichert in:
Bibliographische Detailangaben
Format: Buch
Sprache:Tschechisch
Veröffentlicht: Praha : SNTL, 1984
Ausgabe:1.vyd.
Tags: Tag hinzufügen
Keine Tags, Fügen Sie das erste Tag hinzu!

MARC

LEADER 00000nam a22000003a 4500
001 stu6782
005 20150408182040.4
008 940831s1984----cs------------------cze-d
040 |a STU  |b slo 
041 0 |a cze 
044 |a cs 
080 |a 311.313(437) 
245 |a Statistická ročenka Československé socialistické republiky 1984 
250 |a 1.vyd. 
260 |a Praha :  |b SNTL,  |c 1984 
300 |a 703 s 
996 |b 284V030099  |c V*28515/O-11995a  |l VVS  |s A  |a 24  |w stu6782_0002 
996 |b 284V029795  |c V*28514/O-11995  |l VVT  |s A  |a 24  |w stu6782_0003